000 01188nam a2200253Ia 4500
999 _c34484
_d34484
001 233
003 GE_BSU
005 20200131114725.0
008 181216s2009||||ge |||||||||||||| ||geo||
020 _a9789941014000
040 _cGE_BSU
041 _ageo
080 _a631.8(075.8) ა-36
245 _aაზოტიანი სასუქები :
_bმეთოდ. დამუშავება სტუდ. დამოუკ. მუშაობისთვის აგრონ. სპეც. /
_cშემდგ. რ. ლიპარტელიანი ; რედ. ო. ზარდალიშვილი.
264 _aთბილისი :
_bსაქ.სახ.აგრარული უნ-ტი,
_c2009.
300 _a24 გვ. :
_bცხრ. ;
_c20 სმ.
504 _a ბიბლიოგრ.: გვ. 24.
541 _h15 ლ.
653 _aაგრონომია
653 _aაზოტიანი სასუქები
700 _aლიპარტელიანი, რ.
_eშემდგენელი
_96491
700 _aზარდალიშვილი, ო.
_eრედაქტორი
_92501
942 _cBK
_2udc